Potravinová legislatíva Evropské unie

Regionálne rozdiely na trhu s potravinami na území EU. Spoločná poľnohospodárska politika a potravinová legislatíva EÚ. Spoločná politika rybárstva. Vývoj vnútorného trhu so spracovanými potravinami. Nástroje na realizáciu vnútorného trhu a EÚ. Spotrebiteľ, zdravotná nezávadnosť potravín a ochrana z...

Celý popis

Uložené v:
Podrobná bibliografia
Médium: Kapitola
Jazyk:Czech
Predmet:
Tagy: Pridať tag
Žiadne tagy, Buďte prvý, kto otaguje tento záznam!

MARC

LEADER 00000naa a2200000 4500
001 r032152
005 20230920094652.7
041 0 |a cze 
044 |a CZ 
245 1 0 |a Potravinová legislatíva Evropské unie 
520 |a Regionálne rozdiely na trhu s potravinami na území EU. Spoločná poľnohospodárska politika a potravinová legislatíva EÚ. Spoločná politika rybárstva. Vývoj vnútorného trhu so spracovanými potravinami. Nástroje na realizáciu vnútorného trhu a EÚ. Spotrebiteľ, zdravotná nezávadnosť potravín a ochrana zdravia. 
610 2 0 |a Európska únia 
610 2 0 |a potravinárstvo 
610 2 0 |a legislatíva 
610 2 0 |a politika poľnohospodárska 
610 2 0 |a trh vnútorný 
610 2 0 |a rybárstvo 
610 2 0 |a spotrebitelia 
610 2 0 |a ochrana zdravia